Dark Souls 1 Game knowledge - Statistics

General Stats
  • This quiz has been taken 185 times
  • The average score is 4 of 13
Answer Stats
Question Answer % Correct
What does the golden crystal golem in Darkroot Basin drop? Princess Dusk
83%
How long are the active parry frames on *most* weapons? 6 frames
48%
Which spell has the highest potential damage? Dark Bead
48%
What is the starting Strength stat of the Pyromancer class? 12
38%
How much extra damage does a counter attack deal? 20%
38%
What is the most damaging catalyst at 15 intelligence Ivory Catalyst
38%
What is the base damage of a +5 Chaos Blade? 216
30%
How many humanities need to be lost in a bloodstain to spawn a black vagrant in another world? 5
25%
What armor set gives the most physical defence? Giant's set
25%
How much poise do you need to not be stunned by a greatsword's 2 handed R1? 53
15%
How many miracle resonance rings do you need to stand near to hit level 3 miracle resonance? 6
15%
What boss was most likely intended to be the original boss of the Painted world of Ariamis? Demon Firesage
15%
What patch was the Darkwood Grain Ring nerfed to only activate below 25% equip load? 1.06
10%
No matching quizzes found
Score Distribution
Percent of People with Each Score
Percentile by Number Answered
Your Score History
You have not taken this quiz